Alle DFB Pokalfinalisten - Statistiken

Allgemein
  • Dieses Quiz wurde 89 mal gespielt
  • Das Durchschnittsergebnis liegt bei 29 aus 30
Antwortstatistiken
Saison Verein % Korrekt
19/20 FC Bayern München
100%
18/19 FC Bayern München
100%
17/18 FC Bayern München
100%
15/16 FC Bayern München
100%
13/14 FC Bayern München
100%
12/13 FC Bayern München
100%
11/12 FC Bayern München
100%
23/24 Bayer 04 Leverkusen
99%
19/20 Bayer 04 Leverkusen
99%
20/21 Borussia Dortmund
99%
16/17 Borussia Dortmund
99%
15/16 Borussia Dortmund
99%
14/15 Borussia Dortmund
99%
13/14 Borussia Dortmund
99%
11/12 Borussia Dortmund
99%
22/23 RB Leipzig
98%
21/22 RB Leipzig
98%
20/21 RB Leipzig
98%
18/19 RB Leipzig
98%
24/25 VFB Stuttgart
98%
12/13 VfB Stuttgart
98%
24/25 DSC Arminia Bielefeld
95%
22/23 Eintracht Frankfurt
95%
17/18 Eintracht Frankfurt
95%
16/17 Eintracht Frankfurt
95%
10/11 FC Schalke 04
94%
21/22 SC Freiburg
93%
14/15 VfL Wolfsburg
89%
23/24 1. FC Kaiserslautern
80%
10/11 MSV Duisburg
71%
Keine übereinstimmenden Quizze gefunden
Verteilung der Resultate
Anzahl Personen mit jedem Resultat
Perzentil nach korrekt beantworteten Fragen
Ihre Resultats-Entwicklung
Sie haben dieses Quiz noch nicht gespielt